000
00274nam a22000977a 4500
100
_a
Raghavan, K.N
245
_a
Rubber irakkumathi kuraykkan ulpadanavum ulpaadanakshamathayum vardhippikkanam
260
_b
Rubber, 666(November): 7-8.
_c
2021
650
_a
Chairman
942
_c
JS
999
_c
74877
_d
74877